000 02226nam0a22003971 4500
001 v19\rc\1491710
005 20260405231001.0
035 _a(NLR Aleph) 004687023
090 _a3884427
_c3884427
100 _a20060620d1881 |||y0rusy50 ca
101 1 _arus
_cfre
102 _aRU
105 _ay z |||a|
200 1 _aФаворит Христиана VII
_eРоман из дат. истории. (1769-1772 г.)
_fАрнульд - Фурниер
210 _aМосква
_cМ.Н. Воронов
_d1881
215 _a[2], 237 с.
_d21
300 _aЗагл. ориг. "Struensée, ou la Reine et le favori"
300 _aПер. также под загл. "Жертвы мщения королевы Марии-Юлии, или Казнь", "Лейб-медик датского короля", "Струэнзе, датский первый министр или Королева и любимец"
451 0 _12001#$aЖертвы мщения королевы Марии-Юлии, или Казнь
_tЖертвы мщения королевы Марии-Юлии, или Казнь
451 0 _12001#$aЛейб-медик датского короля
_tЛейб-медик датского короля
451 0 _12001#$aСтруэнзе, датский первый министр или Королева и любимец
_tСтруэнзе, датский первый министр или Королева и любимец
454 0 _12001#$aStruensée, ou la Reine et le favori
_tStruensée, ou la Reine et le favori
532 1 1 _aФаворит Христиана Седьмого
700 1 _9z01790
_aАрну
_bО.Ж.Ф.
_f1803-1854
_gОгюст Жан Франсуа
701 1 _8rus
_7ca
_aФурнье
_bН.
_f1803-1880
_gНарцисс
_3RU\NLR\AUTH\77104937
_987862
702 1 _aСтруэнзе
_bИ.Ф.
_f1737-1772
_gИоганн Фридрих
_4570
702 0 _aХристиан
_dVII
_f1749-1808
790 1 _9z01700
_aАрнульд
_f1803-1854
790 1 _9z02701
_aФурниер
_f1803-1880
801 0 _aRU
_bNLR
_gpsbo
801 0 _aRU
_bRuMoRGB
_2psbo
801 1 _aRU
_bProSoft-M
_2rusmarc
852 _aNLR
_j18.253.3.5
899 _aRuMoRGB
_jP 56/31
942 _cBOOK
980 _aNB